Normal view
MARC view
- Prehistoric peoples
Entry Topical Term
001 - CONTROL NUMBER
- control field: 37535
003 - CONTROL NUMBER IDENTIFIER
- control field: NUST
005 - DATE AND TIME OF LATEST TRANSACTION
- control field: 20210314130314.0
008 - FIXED-LENGTH DATA ELEMENTS
- fixed length control field: 210314|| aca||aabn | a|a d
040 ## - CATALOGING SOURCE
- Original cataloging agency: NUST
- Transcribing agency: NUST
150 ## - HEADING--TOPICAL TERM
- Topical term or geographic name entry element: Prehistoric peoples
670 ## - SOURCE DATA FOUND
- Source citation: Work cat.: (NUST): Rouse, Irving, 37533, Introduction to prehistory;, [1972]
